<?xml version="1.0" encoding="UTF-8"?>
<collection xmlns="http://www.loc.gov/MARC21/slim">
<record>
  <controlfield tag="001">170178</controlfield>
  <controlfield tag="005">20260407115449.0</controlfield>
  <datafield tag="024" ind1="7" ind2=" ">
    <subfield code="2">doi</subfield>
    <subfield code="a">10.54663/2182-9306.2026</subfield>
  </datafield>
  <datafield tag="024" ind1="8" ind2=" ">
    <subfield code="2">sideral</subfield>
    <subfield code="a">148716</subfield>
  </datafield>
  <datafield tag="037" ind1=" " ind2=" ">
    <subfield code="a">ART-2026-148716</subfield>
  </datafield>
  <datafield tag="041" ind1=" " ind2=" ">
    <subfield code="a">eng</subfield>
  </datafield>
  <datafield tag="100" ind1=" " ind2=" ">
    <subfield code="a">Berne-Manero, C.</subfield>
    <subfield code="u">Universidad de Zaragoza</subfield>
    <subfield code="0">(orcid)0000-0003-3050-1634</subfield>
  </datafield>
  <datafield tag="245" ind1=" " ind2=" ">
    <subfield code="a">The consciousness of nature tourists and their commitment to destination sustainability</subfield>
  </datafield>
  <datafield tag="260" ind1=" " ind2=" ">
    <subfield code="c">2026</subfield>
  </datafield>
  <datafield tag="520" ind1="3" ind2=" ">
    <subfield code="a">This study explores the nature of sustainable tourist awareness and its potential role as a determinant of tourists’ commitment to the sustainable development of the destinations they visit. Data were collected through a survey administered to individuals aged 18 or older who had engaged in nature-based tourism within the previous 12 months. Exploratory and confirmatory factor analyses, along with structural equation modelling, were employed to test the proposed hypotheses. The findings show that sustainability awareness among nature-based tourists encompasses the traditional economic, sociocultural and environmental dimensions, while also revealing a fourth component related to the negative consequences of nature tourism. The results validate the four corresponding measurement models and confirm a positive relationship between the traditional dimensions of sustainability awareness and overall sustainability; however, this relationship does not extend to the newly identified dimension. The analysis further supports several hypotheses, including a cause-and-effect relationship between overall sustainability awareness and the sustainable behaviour of nature-based tourists towards the destination, pointing to the emergence of an “aware tourist” whose behaviour is consistent with their sustainability consciousness. As pioneering research on the awareness and behaviour of nature-based tourists, this study is limited by its focus on a specific tourism segment and geographical context, suggesting the need for replication in other cultural and territorial settings to enhance generalisability. The originality of this work lies in its early exploration of the role of nature-based tourists in sustainable development through their behaviour, addressing the critical question of how tourists act in accordance with their awareness to support destination sustainability.</subfield>
  </datafield>
  <datafield tag="506" ind1="0" ind2=" ">
    <subfield code="a">Access copy available to the general public</subfield>
    <subfield code="f">Unrestricted</subfield>
  </datafield>
  <datafield tag="536" ind1=" " ind2=" ">
    <subfield code="9">info:eu-repo/grantAgreement/ES/DGA/S42-23R-CREVALOR</subfield>
    <subfield code="9">info:eu-repo/grantAgreement/ES/UZ/JIUZ2024-CSJ-03</subfield>
  </datafield>
  <datafield tag="540" ind1=" " ind2=" ">
    <subfield code="9">info:eu-repo/semantics/openAccess</subfield>
    <subfield code="a">by-nc</subfield>
    <subfield code="u">https://creativecommons.org/licenses/by-nc/4.0/deed.es</subfield>
  </datafield>
  <datafield tag="655" ind1=" " ind2="4">
    <subfield code="a">info:eu-repo/semantics/article</subfield>
    <subfield code="v">info:eu-repo/semantics/publishedVersion</subfield>
  </datafield>
  <datafield tag="700" ind1=" " ind2=" ">
    <subfield code="a">Marzo-Navarro, M.</subfield>
    <subfield code="u">Universidad de Zaragoza</subfield>
    <subfield code="0">(orcid)0000-0002-9628-5738</subfield>
  </datafield>
  <datafield tag="700" ind1=" " ind2=" ">
    <subfield code="a">Pedraja-Iglesias, M.</subfield>
    <subfield code="u">Universidad de Zaragoza</subfield>
    <subfield code="0">(orcid)0000-0002-2551-5364</subfield>
  </datafield>
  <datafield tag="710" ind1="2" ind2=" ">
    <subfield code="1">4011</subfield>
    <subfield code="2">095</subfield>
    <subfield code="a">Universidad de Zaragoza</subfield>
    <subfield code="b">Dpto. Direc.Mark.Inves.Mercad.</subfield>
    <subfield code="c">Área Comerci.Investig.Mercados</subfield>
  </datafield>
  <datafield tag="773" ind1=" " ind2=" ">
    <subfield code="g">18 (2026), 146-161</subfield>
    <subfield code="t">International Journal of Marketing Communication and New Media</subfield>
    <subfield code="x">2182-9306</subfield>
  </datafield>
  <datafield tag="856" ind1="4" ind2=" ">
    <subfield code="s">337420</subfield>
    <subfield code="u">http://zaguan.unizar.es/record/170178/files/texto_completo.pdf</subfield>
    <subfield code="y">Versión publicada</subfield>
  </datafield>
  <datafield tag="856" ind1="4" ind2=" ">
    <subfield code="s">1979460</subfield>
    <subfield code="u">http://zaguan.unizar.es/record/170178/files/texto_completo.jpg?subformat=icon</subfield>
    <subfield code="x">icon</subfield>
    <subfield code="y">Versión publicada</subfield>
  </datafield>
  <datafield tag="909" ind1="C" ind2="O">
    <subfield code="o">oai:zaguan.unizar.es:170178</subfield>
    <subfield code="p">articulos</subfield>
    <subfield code="p">driver</subfield>
  </datafield>
  <datafield tag="951" ind1=" " ind2=" ">
    <subfield code="a">2026-03-26-14:31:07</subfield>
  </datafield>
  <datafield tag="980" ind1=" " ind2=" ">
    <subfield code="a">ARTICLE</subfield>
  </datafield>
</record>
</collection>